Process transformacii. Sravnitel'nyj analiz po stranam.

V procesoch transformácie bývalých socialistických krajín sa už prejavili pozitívne i negatívne, špecifické i všeobecné črty, poznanie ktorých umožní prognózovať ďalší priebeh prechodu k trhovej ekonomike. Cieľom state je ukázať, že rýchlosť transformácie závisí od súladu témp politických a ekonomic...

Descrizione completa

Salvato in:
Dettagli Bibliografici
Autore principale: Aleksašenko, S.
Natura: Capitolo di libro
Lingua:russo
Soggetti:
Tags: Aggiungi Tag
Nessun Tag, puoi essere il primo ad aggiungerne!!

MARC

LEADER 00000naa a2200000 4500
001 r010408
005 20221208123123.8
041 0 |a rus 
044 |a [SU] 
245 1 0 |a Process transformacii.  |b Sravnitel'nyj analiz po stranam.  |c S. Aleksašenko 
520 |a V procesoch transformácie bývalých socialistických krajín sa už prejavili pozitívne i negatívne, špecifické i všeobecné črty, poznanie ktorých umožní prognózovať ďalší priebeh prechodu k trhovej ekonomike. Cieľom state je ukázať, že rýchlosť transformácie závisí od súladu témp politických a ekonomických premien, že spomalenie procesov v jednej alebo druhej sfére brzdí transformáciu. Analýza procesov transformácie na materiáloch 4 krajín: Maďarska, Poľska, Číny a Sovietskeho zväzu. 
610 2 0 |a transformácia 
610 2 0 |a východná Európa 
610 2 0 |a reformy hospodárske 
610 2 0 |a hospodárstvo trhové 
610 2 0 |a zmeny štruktúrne 
610 2 0 |a analýza komparatívna 
610 2 0 |a Spoločenstvo nezávislých štátov 
610 2 0 |a PR 
610 2 0 |a MR 
610 2 0 |a ČĽR 
100 1 |a Aleksašenko, S.